|
|
|
|
| LEADER |
00000nam a2200000 a 4500 |
| 001 |
vtls008961789 |
| 003 |
SK-MaSNL |
| 005 |
20260302005204.0 |
| 008 |
251031s2007 xo o g f 001 0 slo |
| 015 |
|
|
|a SNBA2007/05-01842
|
| 020 |
|
|
|a 9788010009534
|q (brož.)
|
| 035 |
|
|
|a F2F3FBEC-9985-4743-B594-4A101A41812C
|
| 035 |
|
|
|a urn:nbn:sk:snk-aml8xp
|
| 035 |
|
|
|a urn:nbn:sk:snk-am008s3f
|
| 040 |
|
|
|a SNK
|b slo
|c SNK
|e AACR2
|
| 041 |
1 |
|
|a slo
|h eng
|
| 044 |
|
|
|a xo
|c SK
|
| 072 |
|
7 |
|a 74
|x Kresba. Umelecké remeslá
|2 konspekt
|
| 080 |
|
|
|a 746.5
|2 2001
|
| 080 |
|
|
|a 671.21
|2 2001
|
| 080 |
|
|
|a 391.7
|2 2001
|
| 080 |
|
|
|a (084.11)
|2 2001
|
| 080 |
|
|
|a (035)
|2 2001
|
| 100 |
1 |
|
|a Withers, Sara
|4 aut
|9 646278
|
| 240 |
1 |
4 |
|a The encyclopedia of beading techniques
|l Slovensky
|
| 245 |
1 |
0 |
|a Inšpirácie z korálikov
|b názorné ukážky navliekacích postupov a inšpiratívna prehliadka hotových artefaktov
|c Sara Withersová, Stephanie Burnhamová ; [fotografie: Colin Bowling, Paul Forrester ; preklad Anna Lackovičová]
|
| 250 |
|
|
|a 1. vyd.
|
| 260 |
|
|
|a Bratislava
|b Slovenské pedagogické nakladateľstvo - Mladé letá
|c 2007
|
| 300 |
|
|
|a 160 s.
|b fareb. fotogr.
|c 23 cm
|
| 500 |
|
|
|a Rozlož. fareb. fotogr. na tit. strane
|
| 504 |
|
|
|a Reg.
|
| 650 |
0 |
7 |
|a ručné práce z korálkov
|2 SNKPH
|9 74161
|
| 650 |
0 |
7 |
|a bižutéria
|2 SNKPH
|9 30003
|
| 650 |
0 |
7 |
|a módne ozdoby
|2 SNKPH
|9 74160
|
| 655 |
|
7 |
|a obrazové publikácie
|2 SNKPH
|9 70343
|
| 655 |
|
7 |
|a príručky
|2 SNKPH
|9 74364
|
| 700 |
1 |
|
|a Burnham, Stephanie
|4 aut
|9 646279
|
| 700 |
1 |
|
|a Bowling, Colin
|4 pht
|9 528681
|
| 700 |
1 |
|
|a Forrester, Paul
|4 pht
|9 65166
|
| 700 |
1 |
|
|a Lackovičová, Anna,
|d 1941-
|4 trl
|9 86052
|
| 919 |
|
|
|a 978-80-10-00953-4
|
| 958 |
|
|
|a OP
|
| 968 |
|
|
|b ENG
|d 793/799
|
| 999 |
|
|
|c 998612
|d 1000542
|
| 952 |
|
|
|a SNK
|b SNK
|y PREZ
|7 0
|p 17A0547171
|o snkSC 127473
|i snk2007/9483
|8 0
|0 0
|1 0
|4 0
|d 2007-04-04
|f 1
|l 0
|r 2025-06-16 00:00:00
|w 2026-02-24
|
| 952 |
|
|
|a SNK
|b SNK
|y VYP
|7 0
|p 17A0547172
|o snkSC 127473 D1
|i snk2007/9484
|8 0
|0 0
|1 0
|4 0
|d 2007-04-04
|l 0
|r 2026-02-24 12:11:02
|w 2026-02-24
|